| 000 | 00776nam a2200217 i 4500 | ||
|---|---|---|---|
| 001 | 89284 | ||
| 003 | ES-MaACL | ||
| 005 | 20230906180134.0 | ||
| 007 | t| | ||
| 008 | 050105s1953 sp ||||1| spa d | ||
| 100 | 1 |
_aLarousse, Pierre. _970284 |
|
| 245 | 1 | 0 |
_aNuevo pequeño Larousse ilustrado _b: diccionario enciclopédico / _cPierre Larousse ; publicado bajo la dirección de Claude Augé y Paul Augé ; adaptación española de Miguel de Toro y Gisbert. |
| 250 | _a[16ª ed.]. | ||
| 260 |
_aBarcelona : _bGustavo Gili, _c1953 ( _fGrafos) |
||
| 300 |
_a1520 p., 10 lám. ; _c19 cm. |
||
| 650 |
_aEnciclopedias. _912235 |
||
| 700 | 1 |
_aAugé, Claude. _923878 |
|
| 700 | 1 |
_aAugé, Paul. _923881 |
|
| 700 | 1 |
_aToro y Gisbert, Miguel de. _9141153 |
|
| 852 |
_aES-MaACL _jC-6049 |
||
| 999 |
_c89284 _d89284 |
||